000
00200 a2200109 4500
020
_a
9780439876384
041
_a
eng
100
_a
Jason Blake
245
_a
Super Spiders
942
_c
BK
952
_7
1
999
_c
18863
_d
18863